[Event "Budapest FS04 IM"]
[Site "Budapest"]
[Date "1998.04.12"]
[Round "9"]
[White "Cooke, Eric"]
[Black "Eperjesi, Laszlo"]
[Result "0-1"]
[WhiteElo "2265"]
[BlackElo "2365"]

1.d4 Nf6 2.c4 e6 3.Nf3 Bb4+ 4.Nc3 O-O 5.Bg5 h6 6.Bh4 b6 7.e3 Bb7 8.Bd3 Be7
9.O-O c5 10.Qe2 cxd4 11.exd4 Bxf3 12.Qxf3 Nc6 13.Ne2 Rc8 14.Rac1 d5 15.cxd5 Qxd5
16.Qxd5 Nxd5 17.Bg3 Ncb4 18.Bb1 Bg5 19.Rcd1 Rfd8 20.a3 Nc6 21.Bd3 Na5 22.Be5 Nc4
23.Bxc4 Rxc4 24.Rb1 h5 25.Ng3 h4 26.Ne4 Be7 27.h3 f6 28.Bh2 Rxd4 29.Rfe1 e5
30.g4 hxg3 31.Nxg3 g6 32.Ne2 Rd2 33.Bg3 Kf7 34.Kf1 g5 35.Rec1 Rd7 36.Rc8 Nf4
37.Bxf4 exf4 38.Rc3 Bd6 39.b4 Be5 40.Rcb3 f5 41.f3 Ra2 42.b5 Rdd2 43.Re1 Bd6
44.Rc3 Bc5 45.Rb3 Bxa3 46.h4 gxh4 47.Nxf4 Rf2+ 48.Kg1 Bc5  0-1

[Event "Czerniak mem 14th"]
[Site "Tel Aviv"]
[Date "1998.04.12"]
[Round "4"]
[White "Manor, Ilan"]
[Black "Elbilia, Jacques"]
[Result "1/2-1/2"]
[WhiteElo "2530"]
[BlackElo "2360"]

1.Nf3 Nf6 2.d4 e6 3.c4 Bb4+ 4.Nc3 b6 5.Bg5 Bb7 6.Qc2 c5 7.dxc5 Bxc5 8.e3 Be7
9.Rd1 a6 10.Be2 Qc7 11.O-O d6 12.Rd2 Nbd7 13.Rfd1 O-O 14.Bf4 Ne5 15.Nxe5 dxe5
16.Bg5 Rfd8 17.Rxd8+ Rxd8 18.Rxd8+ Qxd8 19.Bf3 Bxf3 20.gxf3 Qa8 21.Kg2 Bb4
22.a3 Bxc3 23.Bxf6 gxf6 24.Qxc3 Qc6 25.b4 Kf8 26.Qd3 f5 27.Qd8+ Kg7 28.Qg5+ Kf8
29.Qf6 e4 30.Qh8+ Ke7 31.Qxh7 exf3+ 32.Kg3 Qd6+ 33.Kh3 Qd1 34.Qh4+ f6 35.Kg3 e5
36.Qh7+ Ke6 37.Qg8+ Ke7 38.Qg7+ Ke6 39.Qg8+ Ke7 40.Qg7+ Ke6 41.Qg8+  1/2-1/2

[Event "St Petersburg-ch"]
[Site "St Petersburg"]
[Date "1998.04.19"]
[Round "12"]
[White "Shchukin, Dmitry"]
[Black "Ionov, Sergey"]
[Result "0-1"]
[WhiteElo "2390"]
[BlackElo "2530"]

1.d4 Nf6 2.c4 e6 3.Nc3 Bb4 4.Nf3 b6 5.Bg5 Bb7 6.e3 Bxc3+ 7.bxc3 d6 8.Nd2 Qe7
9.f3 e5 10.e4 Nc6 11.d5 Nb8 12.Bd3 Nbd7 13.Nf1 h6 14.Bh4 Nc5 15.Ne3 Bc8 16.Bc2 g6
17.Ba4+ Nxa4 18.Qxa4+ Bd7 19.Qa3 Kf8 20.g4 g5 21.Bf2 h5 22.h4 hxg4 23.O-O-O gxf3
24.hxg5 Rxh1 25.Rxh1 Nxe4 26.Qb2 Kg7 27.Qc2 Nxg5 28.Bh4 Rh8 29.Nf5+ Bxf5
30.Qxf5 Qf6 31.Qxf6+ Kxf6 32.Bxg5+ Kxg5 33.Rxh8 f2 34.Rh1 Kf4 35.Kd2 Kf3
36.Rf1 e4 37.Rc1 e3+ 38.Kd3 e2  0-1

[Event "POR-chT"]
[Site "Lisboa"]
[Date "1998.05.02"]
[Round "2"]
[White "Rocha, Sergio"]
[Black "Galvao, Henrique"]
[Result "1-0"]
[WhiteElo "2420"]
[BlackElo "2210"]

1.d4 Nf6 2.Nf3 e6 3.c4 Bb4+ 4.Nc3 Ne4 5.Qc2 d5 6.e3 c6 7.Bd3 f5 8.Bd2 Bd6
9.Rf1 O-O 10.O-O-O Na6 11.a3 Nxc3 12.Bxc3 dxc4 13.Bxc4 b5 14.Ba2 b4 15.axb4 Bxb4
16.Ne5 Qc7 17.Bc4 Rb8 18.g4 f4 19.Bd3 g6 20.g5 Bd6 21.Ng4 Nb4 22.d5 e5 23.Nf6+ Rxf6
24.Bxb4 Rxb4 25.gxf6 cxd5 26.Kb1 Qxc2+ 27.Bxc2 Ba6 28.Rxd5 Bxf1 29.Rxd6 fxe3
30.fxe3 Bg2 31.Ka2 Bf1 32.Rc6 Rb8 33.Bb3+ Kh8 34.Rc7 a6 35.Re7 Rf8 36.f7 Kg7
37.Rxe5 Bh3 38.Ka3 Bd7 39.Re7 Bf5 40.e4 Bc8 41.e5  1-0

[Event "Budapest FS05 IM"]
[Site "Budapest"]
[Date "1998.05.06"]
[Round "5"]
[White "Eperjesi, Laszlo"]
[Black "Arnold, Ferenc"]
[Result "1/2-1/2"]
[WhiteElo "2365"]
[BlackElo "2315"]

1.d4 Nf6 2.c4 e6 3.Nf3 Bb4+ 4.Nc3 O-O 5.e3 d5 6.Bd3 c5 7.O-O Nc6 8.a3 Bxc3
9.bxc3 dxc4 10.Bxc4 Qc7 11.Bd3 e5  1/2-1/2

[Event "CZE-ch (Women)"]
[Site "Klatovy"]
[Date "1998.05.08"]
[Round "1"]
[White "Vacovska, Veronika"]
[Black "Ptacnikova, Lenka"]
[Result "0-1"]
[WhiteElo "2060"]
[BlackElo "2280"]

1.d4 Nf6 2.c4 e6 3.Nc3 Bb4 4.Nf3 c5 5.a3 Bxc3+ 6.bxc3 Nc6 7.g3 Na5 8.dxc5 Qc7
9.Qd6 Qxd6 10.cxd6 Ne4 11.c5 Nb3 12.Rb1 Nbxc5 13.Be3 f6 14.Bg2 Nxc3 15.Rc1 N5a4
16.Nd4 g6 17.Bd2 Nd5 18.Bxd5 exd5 19.Nb5 Kf7 20.Nc7 Rb8 21.Nxd5 b6 22.O-O Bb7
23.Nc7 Bc6 24.f3 Nc5 25.Bb4 Nb7 26.Rfd1 a5 27.Bc3 Nc5 28.e4 Rhc8 29.e5 f5
30.f4 Ne6 31.Nxe6 Kxe6 32.Rd2 Be4 33.Kf2 b5 34.Bb2 Rc4 35.Rxc4 bxc4 36.Bc3 Rb3
37.Bxa5 c3 38.Rd1 Rxa3 39.Bb4 c2 40.Rc1 Rb3 41.Bc5 Kd5 42.Be3 Ra3 43.Ke2 Ra8
44.Kd2 Ra6 45.Kc3 Ra3+ 46.Kd2 Kc4 47.Ke2 Ra6 48.Kd2 Ra5 49.Ke2 Kb3 50.Re1 Bc6
51.h4 Rd5 52.h5 Rd1 53.Bc1 Bb5+ 54.Kf2 Rxc1 55.Rxc1 Kb2  0-1

[Event "Capablanca mem 33th Elite"]
[Site "Havana"]
[Date "1998.05.16"]
[Round "7"]
[White "Zilberman, Yaacov"]
[Black "Bischoff, Klaus"]
[Result "1-0"]
[WhiteElo "2555"]
[BlackElo "2545"]

1.d4 Nf6 2.c4 e6 3.Nc3 Bb4 4.Nf3 b6 5.e3 Bb7 6.Bd3 O-O 7.O-O c5 8.Na4 cxd4
9.a3 Be7 10.exd4 d6 11.Re1 Nbd7 12.b4 Rc8 13.Bb2 Re8 14.Rc1 Bf8 15.Be2 g6
16.Nd2 Bh6 17.Rc2 Rc7 18.Nc3 a6 19.Nb3 Qa8 20.Bf1 Rec8 21.Bc1 Bf8 22.Bg5 Ne4
23.Nxe4 Bxe4 24.Rc1 Bc6 25.Bf4 Ra7 26.Qd3 a5 27.b5 Bb7 28.a4 Re8 29.Be3 e5
30.Qd2 Qd8 31.dxe5 Nxe5 32.Qd4 Nd7 33.Bg5 Qc8 34.Bf4 Rd8 35.Qe3 Qc7 36.Rcd1 Raa8
37.h3 Rac8 38.Bg5 f6 39.Bh4 g5 40.Bg3 Ne5 41.f4 gxf4 42.Qxf4 Qf7 43.Nd4 d5
44.cxd5 Rxd5 45.Nf5 Kh8 46.Rxd5 Bxd5 47.Bf2 Re8 48.Rd1 Qe6 49.Nd4 Qf7 50.Rc1 Qg6
51.Rc3 Bh6 52.Qf5 Be4 53.Qxg6 hxg6 54.Nb3 Re6 55.Rc8+ Kg7 56.Rb8 Nd7 57.Rd8 Re7
58.Nd4 Ne5 59.Rd6 Nd7 60.Nc6 Bxc6 61.bxc6 Nc5 62.Bxc5  1-0

[Event "Clichy"]
[Site "Clichy"]
[Date "1998.05.21"]
[Round "6"]
[White "Bouton, Christophe"]
[Black "Drazic, Sinisa"]
[Result "0-1"]
[WhiteElo "2210"]
[BlackElo "2515"]

1.Nf3 Nf6 2.c4 e6 3.d4 Bb4+ 4.Nc3 d5 5.Bg5 c5 6.Bxf6 Qxf6 7.e3 Nc6 8.Rc1 cxd4
9.exd4 O-O 10.cxd5 exd5 11.Be2 Bg4 12.O-O Rad8 13.Qb3 Rfe8 14.Bd1 Qh6 15.Ne2 Bxf3
16.Qxf3 Nxd4 17.Qd3 Bd6 18.g3 Nc6 19.Ba4 Ne5 20.Qf5 g6 21.Qf4 Qh5 22.Bxe8 Nf3+
23.Kg2 Bxf4 24.Nxf4 Nh4+ 25.Kg1 Nf3+ 26.Kg2 Qe5 27.Bxf7+ Kxf7 28.Kxf3 Qe4+
29.Kg4 Qf5+ 30.Kf3 g5  0-1

[Event "Garcia mem Premier"]
[Site "Santa Clara"]
[Date "1998.05.25"]
[Round "2"]
[White "Arencibia, Walter"]
[Black "Borges Mateos, Juan"]
[Result "1/2-1/2"]
[WhiteElo "2535"]
[BlackElo "2480"]

1.d4 e6 2.c4 Nf6 3.Nf3 Bb4+ 4.Nc3 b6 5.Bg5 Bb7 6.e3 h6 7.Bh4 g5 8.Bg3 Ne4
9.Qc2 d6 10.Bd3 Bxc3+ 11.bxc3 Nxg3 12.fxg3 Nd7 13.O-O Qe7 14.Qa4 O-O 15.e4 e5
16.Rae1 Kh8 17.Qd1 Rae8 18.d5 Nc5 19.Bc2 Rg8 20.Rf2 Rg6 21.Nd2 Rf6 22.Ref1 Rxf2
23.Rxf2 Rg8 24.Nf1  1/2-1/2

[Event "Lost Boys op"]
[Site "Antwerp"]
[Date "1998.07.03"]
[Round "4"]
[White "Avrukh, Boris"]
[Black "Finkel, Alexander"]
[Result "1-0"]
[WhiteElo "2525"]
[BlackElo "2500"]

1.d4 Nf6 2.Nf3 e6 3.c4 Bb4+ 4.Nc3 c5 5.g3 O-O 6.Bg2 cxd4 7.Nxd4 d5 8.cxd5 Nxd5
9.Qb3 Na6 10.O-O Nxc3 11.bxc3 Be7 12.Rd1 Nc5 13.Qc4 Bd7 14.Be3 Rc8 15.Nc6 bxc6
16.Bxc5 Bxc5 17.Qxc5 Qc7 18.Rd4 Rb8 19.Rad1 Be8 20.Rb4 Rb6 21.a4 Ra6 22.Qd6 Qxd6
23.Rxd6 Rb6 24.a5 Rxb4 25.cxb4 g5 26.Kf1 Kg7 27.Ke1 Kf6 28.Rd8 Ke7 29.Ra8 Bd7
30.Rxa7 Kd6 31.Rb7 Bc8 32.Rb6 Bd7 33.b5 Kc7 34.Bxc6  1-0

[Event "Lost Boys op"]
[Site "Antwerp"]
[Date "1998.07.03"]
[Round "4"]
[White "Porper, Eduard"]
[Black "Piket, Jeroen"]
[Result "0-1"]
[WhiteElo "2440"]
[BlackElo "2575"]

1.d4 Nf6 2.c4 e6 3.Nf3 Bb4+ 4.Nc3 c5 5.Bd2 cxd4 6.Nxd4 Nc6 7.Nc2 Bc5 8.Be3 Qb6
9.Rb1 O-O 10.Bxc5 Qxc5 11.e3 Rd8 12.b4 Qe7 13.Be2 b6 14.O-O Bb7 15.e4 Rac8
16.a3 Ne5 17.Qd4 Ng6 18.Qe3 Ba6 19.b5 Bb7 20.f4 e5 21.f5 Nf4 22.Rb4 Qc5 23.Bf3 Nd3
24.Ra4 Ra8 25.Nd5 Bxd5 26.exd5 Rdc8 27.Be2 Nf4 28.Bd1 Ne4 29.Kh1 Qxe3 30.Nxe3 Nd3
31.Bc2 Nc3 32.Bxd3 Nxa4 33.d6 Rc5 34.Be4 Rac8 35.f6 Rxc4 36.Bb7 R8c5 37.Nxc4 Rxc4
38.fxg7 Rd4 39.h3 Kxg7 40.Re1 Nc5 41.Bf3 e4 42.Rd1 Nd3  0-1

[Event "Oberwart op"]
[Site "Oberwart"]
[Date "1998.07.28"]
[Round "4"]
[White "Zilberman, Yaacov"]
[Black "Krumpacnik, Domen"]
[Result "1/2-1/2"]
[WhiteElo "2520"]
[BlackElo "2380"]

1.d4 Nf6 2.Nf3 e6 3.c4 Bb4+ 4.Nc3 c5 5.e3 O-O 6.Be2 Bxc3+ 7.bxc3 d6 8.O-O b6
9.Nd2 Bb7 10.f3 Nc6 11.Bb2 e5 12.d5 Ne7 13.e4 Ng6 14.g3 Bc8 15.Rf2 h6 16.Bd3 Nh7
17.h4 f5 18.exf5 Bxf5 19.Ne4 Ne7 20.Qc2 Nf6 21.Nxc5 Bxd3 22.Nxd3 Rc8 23.Qe2 Nf5
24.Rg2 Qc7 25.c5  1/2-1/2

[Event "Recklinghauser Schachtage"]
[Site "Recklinghausen"]
[Date "1998.07.28"]
[Round "4"]
[White "Nenashev, Alexander"]
[Black "Luther, Thomas"]
[Result "1-0"]
[WhiteElo "2625"]
[BlackElo "2510"]

1.d4 e6 2.c4 Nf6 3.Nc3 Bb4 4.Nf3 O-O 5.Bg5 c5 6.Rc1 cxd4 7.Nxd4 d5 8.e3 h6
9.Bh4 Bxc3+ 10.bxc3 dxc4 11.Bxc4 e5 12.Nb5 Qxd1+ 13.Rxd1 Nc6 14.Bxf6 gxf6
15.O-O Na5 16.Bd5 Be6 17.Nc7 Bxd5 18.Nxd5 Kg7 19.e4 Rfd8 20.Rd3 Rd6 21.Rg3+ Kf8
22.Rf3 Nc4 23.Rxf6 Rxf6 24.Nxf6 Rd8 25.h4 Rd6 26.Nh5 Nd2 27.Rc1 Nxe4 28.f3 Nc5
29.Rc2 Ke7 30.Re2 Rd1+ 31.Kh2 f6 32.f4 Nd3 33.fxe5 fxe5 34.Ng3 Ke6 35.Ne4 Re1
36.Rxe1 Nxe1 37.g4 Kd5 38.Nf6+ Kc4 39.Kg3 Kd3 40.g5 hxg5 41.h5 e4 42.Nxe4  1-0

[Event "Oberwart op"]
[Site "Oberwart"]
[Date "1998.07.30"]
[Round "6"]
[White "Zilberman, Yaacov"]
[Black "Kovacs, Gabor"]
[Result "1/2-1/2"]
[WhiteElo "2520"]
[BlackElo "2340"]

1.d4 Nf6 2.c4 e6 3.Nc3 Bb4 4.Nf3 c5 5.e3 Nc6 6.Bd3 Bxc3+ 7.bxc3 d6 8.e4 e5
9.d5 Ne7 10.Nh4 h6 11.f4 Ng6 12.Nxg6 fxg6 13.O-O O-O 14.Rb1 b6 15.Qe1 Nh5
16.f5 g5 17.g3 Bd7 18.Rb2 Be8 19.Be3 Nf6 20.h3 Rb8 21.Qe2 Rb7 22.g4 Kh7 23.Bc2 Rff7
24.Rfb1 Rb8  1/2-1/2

[Event "Budapest FS08 GM"]
[Site "Budapest"]
[Date "1998.08.01"]
[Round "1"]
[White "Gonzalez Garcia, Jose"]
[Black "Vovsha, Eli"]
[Result "1/2-1/2"]
[WhiteElo "2420"]
[BlackElo "2235"]

1.d4 Nf6 2.c4 e6 3.Nc3 Bb4 4.Nf3 O-O 5.Bg5 d5 6.e3 h6 7.Bxf6 Qxf6 8.Bd3 dxc4
9.Bxc4 c5 10.O-O cxd4 11.exd4 Bxc3 12.bxc3 Nc6 13.Bd3 Bd7 14.Rb1 b6 15.Re1 Rfe8
16.Qe2 Qf4 17.g3 Qg4 18.Qe3 Rac8 19.Bb5 Rc7 20.c4 Qf5 21.Rbc1 Rec8 22.c5 Nb4
23.Bxd7 Rxd7 24.cxb6 Nc2 25.Qb3 axb6 26.Nh4 Qa5 27.Rxe6 Qd2 28.Ree1 Rc3 29.Re8+ Kh7
30.Qb1 Rxd4 31.Nf3  1/2-1/2

[Event "Eikrem mem"]
[Site "Gausdal"]
[Date "1998.08.08"]
[Round "8"]
[White "Karason, Askell O"]
[Black "Mossakowski, Florian"]
[Result "1/2-1/2"]
[WhiteElo "2270"]
[BlackElo "2215"]

1.d4 Nf6 2.c4 e6 3.Nc3 Bb4 4.Nf3 c5 5.g3 Ne4 6.Qd3 Qa5 7.Qxe4 Bxc3+ 8.Bd2 Bxd2+
9.Nxd2 O-O 10.Bg2 d6 11.a3 Nc6 12.dxc5 dxc5 13.Rd1 Bd7 14.O-O Qb6 15.Qh4 Nd4
16.e3 Nf5 17.Qh5 Ba4 18.b3 Bc6 19.Bxc6 Qxc6 20.Qf3 Qxf3 21.Nxf3 Rfd8 22.Kg2 Kf8
23.Ng5 Ke7 24.Ne4 b6 25.Kf3 Rac8 26.Ke2 f6 27.Rxd8 Rxd8 28.Rc1 Rd7 29.Rc3 Nd6
30.Nxd6 Rxd6 31.Rd3 h5 32.f4 g6 33.Rxd6 Kxd6 34.Kd3 a6 35.Ke4 Ke7 36.h3 Kd7
37.g4 hxg4 38.hxg4 Kd6 39.g5 f5+ 40.Kd3 e5 41.Kc3 e4 42.a4  1/2-1/2

[Event "ARG-ch97"]
[Site "Villa Martelli"]
[Date "1998.08.14"]
[Round "8"]
[White "Ricardi, Pablo"]
[Black "Giaccio, Alfredo"]
[Result "1-0"]
[WhiteElo "2545"]
[BlackElo "2460"]

1.d4 e6 2.c4 Nf6 3.Nc3 Bb4 4.Nf3 d6 5.Qc2 Nbd7 6.g3 b6 7.Bg2 Bb7 8.O-O Bxc3
9.Qxc3 O-O 10.b3 Qe7 11.Bb2 Ne4 12.Qc2 f5 13.d5 exd5 14.Rad1 c5 15.cxd5 Qf7
16.Nh4 Rae8 17.f3 Ng5 18.Qd2 f4 19.Bc1 Qh5 20.gxf4 Nf7 21.Qe1 Ba6 22.Bh3 Bxe2
23.Bxd7 Bxf3 24.Bxe8 Bxd1 25.Bd7 Be2 26.Rf2 Bd3 27.Nf3 Qxd5 28.Be6 Qb7 29.Ng5 Bg6
30.f5 Bh5 31.Bb2 h6 32.Nxf7 Bxf7 33.Rg2 g5 34.fxg6  1-0

[Event "FRA-ch"]
[Site "Meribel"]
[Date "1998.08.15"]
[Round "2"]
[White "Chabanon, Jean Luc"]
[Black "Dorfman, Josif D"]
[Result "1/2-1/2"]
[WhiteElo "2490"]
[BlackElo "2585"]

1.d4 Nf6 2.c4 e6 3.Nc3 Bb4 4.Nf3 c5 5.g3 cxd4 6.Nxd4 O-O 7.Bg2 d5 8.cxd5 Nxd5
9.Qb3 Qa5 10.Bd2 Nc6 11.Nxc6 bxc6 12.O-O Bxc3 13.bxc3 Ba6 14.Rfd1 Bxe2 15.c4 Bxd1
16.Rxd1 Qb6 17.cxd5 cxd5 18.Qf3 Rac8 19.Bf1 Rc2 20.a3 Rfc8 21.Bd3 Ra2 22.Bb4 a5
23.Be7 Qb2 24.Kg2 Rc1 25.Rxc1 Qxc1 26.Qf4 Qb2 27.Bc5 Qb7 28.Qd6 Qa8 29.Bd4 h6
30.Qe5 Qf8 31.Bb2 Rxb2 32.Qxb2 g6 33.a4 Qd8 34.Qd4 h5 35.Kf3 Qd6 36.Bb5 Qc7
37.Kg2 Kf8 38.Bd3 Kg8 39.f4 Qc1 40.Be2 Qc2 41.Kf2 Kf8 42.h3 Kg8 43.g4 h4
44.g5 Qb3 45.Bg4 Qc2+ 46.Ke3 Qb3+ 47.Kd2 Qa2+ 48.Ke1 Qb3 49.Kf2 Qg3+ 50.Ke2 Qb3
51.Bf3 Qc2+ 52.Kf1 Qb3 53.Kf2 Qa3 54.f5 gxf5 55.Qxh4 Qc5+ 56.Kg2 Qc2+ 57.Kf1 Qc1+
58.Kf2  1/2-1/2

[Event "FRA-ch"]
[Site "Meribel"]
[Date "1998.08.28"]
[Round "15"]
[White "Chabanon, Jean Luc"]
[Black "Hauchard, Arnaud"]
[Result "1/2-1/2"]
[WhiteElo "2490"]
[BlackElo "2500"]

1.d4 Nf6 2.c4 e6 3.Nc3 Bb4 4.Nf3 b6 5.Bg5 Bb7 6.e3 h6 7.Bh4 g5 8.Bg3 Ne4
9.Qc2 Bxc3+ 10.bxc3 Nxg3 11.hxg3 d6 12.Bd3 Nd7 13.a4 a5 14.Be4 Bxe4 15.Qxe4 Ke7
16.Rb1 Nf6 17.Qd3 Qg8 18.c5 Rb8 19.cxd6+ cxd6 20.Ke2 Qh7 21.Qxh7 Rxh7 22.Nd2 Nd7
23.Rb5 Rhh8 24.Kd3 f5 25.f3 Rbc8 26.e4 fxe4+ 27.Nxe4 d5 28.Nd2 Rc6 29.g4 Rhc8
30.Rb3 e5 31.Nf1 exd4 32.cxd4 Rc1 33.Ng3 Rxh1 34.Nxh1 Rc4 35.Ra3 Nf8 36.Ng3 Ne6
37.Nf5+ Kf6 38.Rb3 Rxa4 39.Rxb6 Ra3+ 40.Ke2 Ra2+ 41.Kf1 h5 42.Ne3 hxg4 43.Nxd5+ Kf7
44.Rb7+ Kf8 45.Rb8+ Kf7 46.Rb7+  1/2-1/2

[Event "FRA-ch playoff"]
[Site "Meribel"]
[Date "1998.08.29"]
[Round "1"]
[White "Vaisser, Anatoli"]
[Black "Marciano, David"]
[Result "1-0"]
[WhiteElo "2595"]
[BlackElo "2485"]

1.d4 Nf6 2.c4 e6 3.Nc3 Bb4 4.Nf3 d5 5.e3 O-O 6.Be2 c5 7.O-O cxd4 8.exd4 dxc4
9.Bxc4 a6 10.a4 Nc6 11.Bg5 Be7 12.Re1 Nb4 13.Qe2 Bd7 14.d5 Nbxd5 15.Nxd5 Nxd5
16.Bxd5 Bxg5 17.Bxb7 Rb8 18.Nxg5 Qxg5 19.Qxa6 Qe7 20.a5 Qb4 21.Bf3 Bb5 22.Qa7 Qxb2
23.a6 Bc4 24.Qxb8 Rxb8 25.a7 Bd5 26.Bxd5 exd5 27.a8=Q  1-0

[Event "Karl Wagner mem 5th"]
[Site "Graz"]
[Date "1998.09.11"]
[Round "7.19"]
[White "Nor, Igor"]
[Black "Halser, Walter"]
[Result "1/2-1/2"]
[WhiteElo "2280"]
[BlackElo "2090"]

1.d4 Nf6 2.c4 e6 3.Nc3 Bb4 4.Nf3 b6 5.e3 Bb7 6.Bd3 Bxc3+ 7.bxc3 Ne4 8.O-O f5
9.Ne1 O-O 10.f3 Nf6 11.Qe2 Nc6 12.Nc2 d6 13.d5 exd5 14.Bxf5 dxc4 15.Nd4 Nxd4
16.exd4 Bd5 17.Bg5 Qe8 18.Qd2 Qh5 19.Bc2 Rae8 20.Rae1 Rxe1 21.Rxe1 Re8 22.Be3 Qf7
23.Qf2 Qh5 24.Qg3 Qf7 25.Bd2 Rxe1+ 26.Qxe1 Qe6 27.Qf2 a5 28.Kf1 c5 29.Qh4 g6
30.Bg5 Ne8 31.Kf2 b5 32.Qf4 b4 33.dxc5 b3 34.Bb1 a4 35.Bh6 Qf6 36.cxd6 Qxd6
37.Qd4 Nf6 38.Bf4 Qc6 39.Be5 Nd7 40.Bh8 Qc5 41.Ke3 Be6 42.g4 Kf7 43.Qxc5 Nxc5
44.a3 h5 45.h3 Nd3 46.Bd4 g5 47.Bxd3 cxd3 48.Kxd3 Bc4+ 49.Kd2 hxg4 50.hxg4 Be2
51.Be3 Bxf3 52.Bxg5 Bxg4  1/2-1/2

[Event "Karl Wagner mem 5th"]
[Site "Graz"]
[Date "1998.09.12"]
[Round "8.13"]
[White "Barbero, Gerardo F"]
[Black "Singer, Richard"]
[Result "1-0"]
[WhiteElo "2440"]
[BlackElo "2275"]

1.d4 Nf6 2.c4 e6 3.Nc3 Bb4 4.Nf3 O-O 5.Bg5 h6 6.Bh4 d6 7.e3 c5 8.Bd3 cxd4
9.exd4 Bxc3+ 10.bxc3 Nbd7 11.O-O Qa5 12.Qb3 b6 13.Nd2 Ba6 14.Rfc1 Rac8 15.Bg3 e5
16.Qb1 Rfe8 17.a4 exd4 18.Nb3 Qg5 19.cxd4 Bb7 20.d5 Ba6 21.a5 b5 22.cxb5 Bb7
23.Qb2 Qxd5 24.Bf1 Ne4 25.Bf4 Qf5 26.Be3 Ne5 27.Nd4 Qg6 28.Rxc8 Rxc8 29.Rc1 Nc5
30.Qa3 Be4 31.Rc3 Re8 32.h3 Ned3 33.Ne2 Re5 34.Ng3 Ne1 35.Bxc5 dxc5 36.Rxc5 Re8
37.Qe3  1-0

[Event "Elista ol (Men)"]
[Site "Elista"]
[Date "1998.09.29"]
[Round "1"]
[White "Dao Thien Hai"]
[Black "Guillen R, Jose"]
[Result "1-0"]
[WhiteElo "2580"]
[BlackElo "2220"]

1.d4 Nf6 2.c4 e6 3.Nc3 Bb4 4.Nf3 c5 5.e3 O-O 6.d5 Bxc3+ 7.bxc3 d6 8.Bd3 e5
9.e4 Bg4 10.h3 Bxf3 11.Qxf3 Nbd7 12.Bd2 Qc7 13.g4 a6 14.g5 Ne8 15.h4 b5 16.Kf1 Nb6
17.cxb5 c4 18.Be2 axb5 19.Kg2 Ra3 20.Qg3 Qa7 21.Bg4 Rxa2 22.Rxa2 Qxa2 23.Be3 Na4
24.h5 Nxc3 25.Bf5 Ne2 26.Qh4 Nf4+ 27.Bxf4 exf4 28.g6 f3+ 29.Kh3 Qb2 30.gxh7+ Kh8
31.Qe7  1-0

[Event "Elista ol (Men)"]
[Site "Elista"]
[Date "1998.10.09"]
[Round "10"]
[White "Alterman, Boris"]
[Black "Timman, Jan H"]
[Result "0-1"]
[WhiteElo "2600"]
[BlackElo "2655"]

1.d4 Nf6 2.c4 e6 3.Nc3 Bb4 4.Nf3 c5 5.g3 O-O 6.Bg2 cxd4 7.Nxd4 d5 8.cxd5 Nxd5
9.Qb3 Qa5 10.Bd2 Nc6 11.Nxc6 bxc6 12.O-O Bxc3 13.bxc3 Ba6 14.Rfd1 Rab8 15.c4 Qc5
16.cxd5 Rxb3 17.axb3 Bxe2 18.Rdc1 Qd6 19.Rxc6 Qd7 20.Bf4 exd5 21.Rd6 Qb5
22.Bxd5 a6 23.h4 h6 24.Rc1 Qb4 25.Kh2 Bh5 26.Bg2 Qxb3 27.Rxa6 Bf3 28.Bxf3 Qxf3
29.Be3 Kh7 30.Ra4 g5 31.Rc3 Rd8 32.Rd4 Rxd4 33.Bxd4 Qe4 34.Bf6 Qf5 35.hxg5 Qxf2+
36.Kh3 Kg6 37.Bd8 Qf1+ 38.Kh2 Qe2+ 39.Kh3 Qh5+ 40.Kg2 Qe2+ 41.Kh3 hxg5 42.g4 Qd1
43.Rc6+ Kh7 44.Rf6 Kg7  0-1

[Event "Elista ol (Men)"]
[Site "Elista"]
[Date "1998.10.10"]
[Round "11"]
[White "Atalik, Suat"]
[Black "Adebayo, Adegboyega"]
[Result "1-0"]
[WhiteElo "2585"]
[BlackElo "2195"]

1.d4 Nf6 2.c4 e6 3.Nc3 Bb4 4.Nf3 b6 5.Qb3 c5 6.a3 Bxc3+ 7.Qxc3 O-O 8.dxc5 bxc5
9.Bg5 d6 10.e3 Nc6 11.Bd3 a5 12.O-O-O Qe7 13.Bxf6 gxf6 14.Bc2 f5 15.g4 f6
16.gxf5 exf5 17.Qd3 Ne5 18.Nxe5 dxe5 19.Rhg1+ Kh8 20.Qd6 Ra7 21.Qxe7 Rxe7
22.Rd5 Rc7 23.Rd6 e4 24.Ba4 Bb7 25.Bd7 Bc8 26.Bxc8 Rcxc8 27.Rd5 Rfd8 28.Rxf5 Rd6
29.Rf4 Re8 30.Rf5 Rb8 31.Rxc5 Rdb6 32.Rxa5 Rxb2 33.Rb5 R8xb5 34.cxb5 Ra2
35.Kb1 Rxa3 36.Kc2 Ra5 37.Rb1 Ra7 38.b6 Rb7 39.Kc3 Kg7 40.Kd4 f5 41.Kc5 Kf6
42.Kc6 Rb8 43.Kc7 Rf8 44.Rd1 Kg5 45.Rd8  1-0

[Event "Elista ol (Men)"]
[Site "Elista"]
[Date "1998.10.10"]
[Round "11"]
[White "Deshmukh, Anup"]
[Black "Esplana, Christian"]
[Result "1-0"]
[WhiteElo "2430"]
[BlackElo "2200"]

1.d4 Nf6 2.c4 e6 3.Nc3 Bb4 4.Nf3 c5 5.e3 O-O 6.Be2 b6 7.O-O Bxc3 8.bxc3 Ne4
9.Qc2 Bb7 10.a4 a5 11.Rd1 d6 12.Rb1 Nd7 13.d5 exd5 14.cxd5 f5 15.c4 Qe7 16.Rb3 Rf6
17.Bb2 Rg6 18.Ba1 Re8 19.Rdb1 Bc8 20.Bf1 Ba6 21.g3 Rh6 22.Bg2 g5 23.Rxb6 Nxb6
24.Rxb6 Bc8 25.Qb2 Qf6 26.Qxf6 Nxf6 27.Rxd6 Ng4 28.Rxh6 Nxh6 29.Nxg5 Nf7
30.Nxf7 Kxf7 31.Bf3 Rg8 32.Be5 Bd7 33.Bd1 Ke7 34.f3 Ra8 35.Bc2  1-0

[Event "Elista ol (Men)"]
[Site "Elista"]
[Date "1998.10.11"]
[Round "12"]
[White "Zvjaginsev, Vadim"]
[Black "Huebner, Robert"]
[Result "1-0"]
[WhiteElo "2650"]
[BlackElo "2575"]

1.d4 Nf6 2.c4 e6 3.Nc3 Bb4 4.Nf3 b6 5.Bg5 Bb7 6.e3 h6 7.Bh4 g5 8.Bg3 Ne4
9.Qc2 Bxc3+ 10.bxc3 d6 11.Bd3 f5 12.d5 Nd7 13.Nd4 Ndc5 14.dxe6 Rf8 15.Be2 g4
16.f3 Nxg3 17.hxg3 Qg5 18.O-O-O O-O-O 19.Bd3 gxf3 20.gxf3 Nxe6 21.Bxf5 Rxf5
22.Qxf5 Qxf5 23.Nxf5 Bxf3 24.Rxh6 Bxd1 25.Kxd1 Ng5 26.g4 Rf8 27.Ke2 Kd8 28.Rg6 Ne4
29.Kd3 Nf2+ 30.Kd4 Nxg4 31.Ng7 c5+ 32.Kd5 Nxe3+ 33.Ke4 Nxc4 34.Ne6+ Ke7 35.Nxf8 Kxf8
36.Kd5 b5 37.Ke6 a5 38.Rg4 Ne3 39.Rf4+ Ke8 40.Kxd6 Nd1 41.c4 b4 42.Kxc5 Nc3
43.Kb6 a4 44.Ka5 b3 45.axb3 axb3 46.Rf2  1-0

[Event "Elista ol (Men)"]
[Site "Elista"]
[Date "1998.10.12"]
[Round "13"]
[White "Avrukh, Boris"]
[Black "Shariyazdanov, Andrey"]
[Result "1-0"]
[WhiteElo "2565"]
[BlackElo "2530"]

1.d4 Nf6 2.c4 e6 3.Nc3 Bb4 4.Nf3 b6 5.Qb3 c5 6.Bg5 h6 7.Bh4 Nc6 8.d5 Na5
9.Qc2 Nxc4 10.O-O-O Bxc3 11.Qxc3 b5 12.e4 Qc7 13.d6 Nxd6 14.Rxd6 Qxd6 15.e5 Nd5
16.exd6 Nxc3 17.bxc3 a6 18.Ne5 Bb7 19.Be2 g5 20.Bg3 Bxg2 21.Rg1 Bd5 22.Bh5 Rf8
23.f4 O-O-O 24.fxg5 f6 25.gxf6 Rxf6 26.Bh4 Rf5 27.Bxd8 Rxe5 28.Bd1 Re3 29.Bf6 Rh3
30.c4 Bxc4 31.Rg8+ Kb7 32.Rd8 Kc6 33.Be7  1-0

[Event "Budapest FS10 GM"]
[Site "Budapest"]
[Date "1998.10.13"]
[Round "11"]
[White "Lukacs, Peter"]
[Black "Horvath, Adam"]
[Result "1/2-1/2"]
[WhiteElo "2475"]
[BlackElo "2455"]

1.d4 Nf6 2.c4 e6 3.Nc3 Bb4 4.Nf3 b6 5.Bg5 Bb7 6.e3 h6 7.Bh4 g5 8.Bg3 Ne4
9.Qc2 Bxc3+ 10.bxc3 Nxg3 11.fxg3 g4 12.Nh4 Qg5 13.Qd2 f5 14.Bd3 O-O 15.O-O  1/2-1/2

[Event "Young Masters"]
[Site "Honra"]
[Date "1998.10.13"]
[Round "4"]
[White "Pinho, Paulo"]
[Black "Guerra, Victor"]
[Result "1-0"]
[WhiteElo "2150"]
[BlackElo "2195"]

1.d4 Nf6 2.c4 e6 3.Nc3 Bb4 4.Nf3 c5 5.e3 O-O 6.Bd3 b6 7.O-O Bxc3 8.bxc3 Bb7
9.Qc2 Nc6 10.e4 e5 11.d5 Na5 12.Nxe5 d6 13.Nf3 Ba6 14.e5 dxe5 15.Nxe5 h6
16.Bf4 Nh5 17.Bd2 Nf6 18.Rad1 Re8 19.Bf4 Nh5 20.Bh7+ Kf8 21.Nxf7 Qf6 22.Be5 Rxe5
23.Nxe5 Qxe5 24.Rfe1 Qd6 25.Re6 Qd8 26.d6 Bxc4 27.Re7 Nc6 28.Qe4 Nf6 29.Qxc6 Nxh7
30.Qe4  1-0

[Event "Najdorf op"]
[Site "Buenos Aires"]
[Date "1998.10.27"]
[Round "4"]
[White "Julia, Ernesto"]
[Black "Urday, Henry"]
[Result "1/2-1/2"]
[WhiteElo "2350"]
[BlackElo "2475"]

1.d4 Nf6 2.c4 e6 3.Nc3 Bb4 4.Nf3 c5 5.e3 Nc6 6.Be2 O-O 7.O-O Bxc3 8.bxc3 d6
9.Qc2 e5 10.d5 Ne7 11.Nh4 g5 12.Nf3 h6 13.Nd2 Ng6 14.Bd3 Kg7 15.Re1 Nh7 16.Bf5 Bxf5
17.Qxf5 Nh4 18.Qb1 Qc8 19.f3 f5 20.a4 Nf6 21.Ra2 Re8 22.g3 Ng6 23.e4 f4 24.Nf1 h5
25.Rg2 Kf7 26.Ree2 Rg8 27.Kh1 Rb8 28.Ref2 Ke7 29.Rg1 Qh3 30.Qc2 Kd7 31.a5 Kc7
32.Qe2 Rbe8 33.gxf4 Nxf4 34.Qd1 Qd7 35.a6 b6 36.Ra2 g4 37.Ng3 gxf3 38.Qxf3 Rg4
39.Nf5 Reg8 40.Rg3 R8g5 41.Bxf4 exf4 42.Rxg4 Rxg4 43.Re2 Qa4 44.Re1 Qc2 45.Nxd6  1/2-1/2

[Event "Tilburg Fontys"]
[Site "Tilburg"]
[Date "1998.10.28"]
[Round "5"]
[White "Piket, Jeroen"]
[Black "Lautier, Joel"]
[Result "1-0"]
[WhiteElo "2605"]
[BlackElo "2625"]

1.d4 Nf6 2.c4 e6 3.Nc3 Bb4 4.Nf3 O-O 5.Bg5 c5 6.Rc1 cxd4 7.Nxd4 d5 8.e3 dxc4
9.Bxc4 Nbd7 10.O-O h6 11.Bh4 Ne5 12.Qb3 Be7 13.Rfd1 Nxc4 14.Nc6 Nd2 15.Rxd2 Qe8
16.Nb5 Bd7 17.Nxe7+ Qxe7 18.Bxf6 gxf6 19.Rc7 Rad8 20.Nc3 Qe8 21.Ne4 Kg7 22.Nd6 Qe7
23.h3  1-0